STN EN ISO 340 Dopravné pásy. Charakteristiky zápalnosti v laboratórnom meradle. Požiadavky a skúšobná metóda

Bibliographic Details
Format: Book
Language:Slovak
PhysicalDescription:12 s.
Published: Bratislava Slovenský ústav technickej normalizácie 2005

MARC

LEADER 00000nam a2200000 a 4500
001 vtls008305232
003 SK-MaSNL
005 20260224030531.0
008 160624s xo u 000 0 slo
015 |a SNBN2013 
040 |a SNK  |b slo  |c SNK  |e AACR2 
041 0 |a slo 
245 0 0 |a STN EN ISO 340 Dopravné pásy. Charakteristiky zápalnosti v laboratórnom meradle. Požiadavky a skúšobná metóda 
260 |a Bratislava  |b Slovenský ústav technickej normalizácie  |c 2005 
300 |a 12 s. 
999 |c 820813  |d 822743 
952 |a SNK  |b SNK  |y PREZ  |7 0  |p 17A0487251  |o snkSTN EN ISO 340  |i snk2005/17785  |8 0  |0 0  |1 0  |4 0  |d 2005-10-26  |l 0  |r 2026-02-24 03:05:31  |w 2026-02-24 
952 |a SNK  |b SNK  |y PREZ  |7 0  |p 17A0487252  |o snkSTN EN ISO 340 D1  |i snk2005/17786  |8 0  |0 0  |1 0  |4 0  |d 2005-10-26  |l 0  |r 2026-02-24 03:05:31  |w 2026-02-24